Statistics for Fast Typing Words Quiz

Click here to take the quiz!

General Stats

  • This quiz has been taken 121 times
  • The average score is 7 of 8

Answer Stats

WordTYPE IT BOI% Correct
CatCat
99%
FogFog
99%
TopTop
99%
MopMop
94%
PotPot
84%
BatBat
79%
MatMat
79%
PneumonoultramicroscopicsilicovolcanoconiosisPneumonoultramicroscopicsilicovolcanoconiosis
23%

Score Distribution

Percentile by Number Answered

Percent of People with Each Score

Your Score History

You have not taken this quiz